[Event "57th Biel Festival MTO 2024"]
[White "Dotzer,Lukas"]
[Black "Macovei,Andrei"]
[Site "Biel"]
[Round "8.12"]
[Annotator "TA"]
[Result "1-0"]
[Date "2024.07.23"]
[WhiteElo "2369"]
[BlackElo "2479"]
[PlyCount "81"]

1. e4 e5 2. Nf3 Nc6 3. Bb5 a6 4. Ba4 Nf6 5. O-O d6 6. c4 Bg4 7. d3 g6 8. h3 Bxf3 9. Qxf3 Bg7 10. Be3 O-O 11. Nc3 Nd4 12. Bxd4 exd4 13. Ne2 c6 14. b4 Nd7 15. Rab1 f5 16. exf5 Rxf5 17. Qg3 Qe7 18. Rbe1 Re5 19. Bd1 Bf6 20. Qh2 Re8 21. g3 Qf8 22. Qg2 Qh6 23. f4 Re3 24. Kh2 Qg7 25. Rf3 Rxf3 26. Qxf3 Re3 27. Qf2 Qe7 28. Kg2 Qe6 29. Bc2 Kg7 30. f5 gxf5 31. Nf4 Qe8 32. Rf1 Be5 33. Bd1 Nf6 34. Kh1 h6 35. Ng2 Rxg3 36. Qxf5 Rg5 37. Qf3 Kh8 38. Re1 Qe6 39. Nh4 Rh5 40. Ng6+ Kg7 41. Nf4 1-0

[Event "57th Biel Festival MTO 2024"]
[White "Hafiz,Arif Abdul"]
[Black "Assaubayeva,Bibisara"]
[Site "Biel"]
[Round "8.13"]
[Annotator "TA"]
[Result "0-1"]
[Date "2024.07.23"]
[WhiteElo "2367"]
[BlackElo "2472"]
[PlyCount "104"]

1. d4 Nf6 2. c4 e6 3. g3 d5 4. Bg2 dxc4 5. Nf3 Bb4+ 6. Nbd2 O-O 7. O-O b5 8. a4 c6 9. Qc2 Bb7 10. b3 cxb3 11. Nxb3 Nbd7 12. Bd2 Bxd2 13. Nfxd2 Rc8 14. Ne4 Nxe4 15. Bxe4 h6 16. Nc5 Nxc5 17. Qxc5 a6 18. e3 Qd7 19. Rfc1 Rfd8 20. f4 Qd6 21. Qh5 Qb4 22. Qc5 Qd2 23. Qc3 Qxc3 24. Rxc3 Rd7 25. Rc5 Kf8 26. Kf2 Ke7 27. Ke1 Kd6 28. Rac1 Rdc7 29. Kd2 f6 30. Bd3 Ba8 31. a5 Re7 32. e4 e5 33. dxe5+ fxe5 34. f5 Rb8 35. R1c2 g6 36. fxg6 Rg7 37. Kc1 Rxg6 38. Be2 Rf6 39. R5c3 Rf2 40. Rd2+ Kc7 41. Rcd3 Rbf8 42. Rd7+ Kb8 43. h4 c5 44. R7d6 c4 45. Rxa6 c3 46. Rb6+ Kc7 47. Rc2 Rf1+ 48. Bd1 R8f3 49. Rxb5 Rd3 50. Rc5+ Kd6 51. R2xc3 Rdxd1+ 52. Kb2 Bxe4 0-1

[Event "57th Biel Festival MTO 2024"]
[White "Bilguun,Sumiya"]
[Black "Narayanan,Samrug"]
[Site "Biel"]
[Round "8.14"]
[Annotator "TA"]
[Result "1/2-1/2"]
[Date "2024.07.23"]
[WhiteElo "2466"]
[BlackElo "2335"]
[PlyCount "74"]

1. e4 e5 2. Nf3 Nc6 3. d4 exd4 4. Nxd4 Nf6 5. Nc3 Bb4 6. Nxc6 bxc6 7. Bd3 O-O 8. O-O d5 9. exd5 Bg4 10. Ne2 cxd5 11. c3 Bd6 12. Qc2 Re8 13. Bg5 h6 14. Bh4 c5 15. h3 Bxe2 16. Bxe2 Re4 17. Bg3 Bxg3 18. fxg3 Re5 19. Bf3 Rb8 20. Rae1 Qc7 21. Rxe5 Qxe5 22. Qf2 d4 23. Re1 Qd6 24. Rd1 d3 25. b3 Rd8 26. c4 Qc7 27. Qf1 Qxg3 28. Rxd3 Rxd3 29. Qxd3 Qe1+ 30. Qf1 Qxf1+ 31. Kxf1 a5 32. Ke2 Kf8 33. Kd3 Ke7 34. a3 Kd6 35. Kc3 Nd7 36. b4 axb4+ 37. axb4 Ke5 1/2-1/2

[Event "57th Biel Festival MTO 2024"]
[White "Ansat,Aldiyar"]
[Black "Nurman,Alua"]
[Site "Biel"]
[Round "8.15"]
[Annotator "TA"]
[Result "1/2-1/2"]
[Date "2024.07.23"]
[WhiteElo "2437"]
[BlackElo "2274"]
[PlyCount "40"]

1. e4 c5 2. d4 cxd4 3. Qxd4 Nc6 4. Qd3 e6 5. Nc3 a6 6. Bf4 Nf6 7. O-O-O Be7 8. Kb1 b5 9. e5 Nh5 10. Bc1 b4 11. Ne4 Nxe5 12. Nd6+ Bxd6 13. Qxd6 Nc6 14. g4 Nf6 15. Bg2 Qe7 16. Qc7 O-O 17. Ne2 Ne8 18. Qg3 d5 19. f4 a5 20. f5 a4 1/2-1/2

[Event "57th Biel Festival MTO 2024"]
[White "Ritviz,Parab"]
[Black "Deuer,Marius"]
[Site "Biel"]
[Round "8.16"]
[Annotator "TA"]
[Result "1-0"]
[Date "2024.07.23"]
[WhiteElo "2334"]
[BlackElo "2435"]
[PlyCount "55"]

1. e4 c6 2. d4 d5 3. f3 dxe4 4. fxe4 e5 5. Nf3 Bg4 6. c3 Nd7 7. Bd3 Ngf6 8. O-O Bd6 9. Nbd2 b5 10. a4 a6 11. h3 Bh5 12. Qc2 O-O 13. Nh4 Bg6 14. Nxg6 hxg6 15. Nf3 Qc7 16. b4 a5 17. axb5 axb4 18. Rxa8 Rxa8 19. cxb4 cxb5 20. Qxc7 Bxc7 21. d5 Bd6 22. Bd2 Nb6 23. Rc1 Ra3 24. Rc6 Rxd3 25. Rxd6 Nxe4 26. Rxb6 Nxd2 27. Rb8+ Kh7 28. Ng5+ 1-0

[Event "57th Biel Festival MTO 2024"]
[White "Fromm,Marius"]
[Black "Lyutsinger,Iren"]
[Site "Biel"]
[Round "8.17"]
[Annotator "RC"]
[Result "1-0"]
[Date "2024.07.23"]
[WhiteElo "2465"]
[BlackElo "2069"]
[PlyCount "79"]

1. e4 c5 2. Nf3 d6 3. Bc4 Nf6 4. d3 e6 5. O-O Be7 6. Nbd2 O-O 7. a4 Nc6 8. Re1 a6 9. c3 Rb8 10. Bb3 b5 11. axb5 axb5 12. d4 cxd4 13. cxd4 e5 14. d5 Na5 15. Bc2 b4 16. Nf1 Qc7 17. Ng3 Bd7 18. Bd3 Rfc8 19. Bd2 Bd8 20. Ba6 Nb7 21. Bxb4 Qb6 22. Bd2 Ng4 23. Qe2 Rc2 24. b4 Ra8 25. Bd3 Rca2 26. Rxa2 Rxa2 27. h3 Nf6 28. Bc4 Ra3 29. Rb1 Qa7 30. Bb5 Bxb5 31. Qxb5 Bb6 32. Nh5 Bxf2+ 33. Kh2 Qa6 34. Nxf6+ gxf6 35. Qd7 Kg7 36. Rc1 Nd8 37. Qg4+ Kf8 38. Bh6+ Ke8 39. Rc7 Bg3+ 40. Qxg3 1-0

[Event "57th Biel Festival MTO 2024"]
[White "Balabayeva,Xeniya"]
[Black "Saraci,Nderim"]
[Site "Biel"]
[Round "8.18"]
[Annotator "TA"]
[Result "1/2-1/2"]
[Date "2024.07.23"]
[WhiteElo "2246"]
[BlackElo "2449"]
[PlyCount "129"]

1. e4 c5 2. Nf3 Nc6 3. Bb5 g6 4. O-O Bg7 5. c3 Nf6 6. Re1 O-O 7. d4 cxd4 8. cxd4 d5 9. e5 Ne4 10. Bxc6 bxc6 11. Be3 f6 12. Qc1 fxe5 13. Nxe5 c5 14. f3 cxd4 15. Bxd4 Qd6 16. Nc6 Bb7 17. fxe4 Bxc6 18. e5 Qb4 19. Rd1 Bd7 20. Qe3 Bg4 21. Rd2 Qb7 22. Nc3 e6 23. h3 Bf5 24. g4 Be4 25. Nxe4 dxe4 26. Re1 Qa6 27. Bc5 Rfd8 28. Qxe4 Rac8 29. Bd6 Qxa2 30. Qb7 Qa5 31. Ree2 Rc1+ 32. Kg2 Qb6 33. Qxb6 axb6 34. b4 Bf8 35. Bxf8 Rxf8 36. Rd6 b5 37. Rxe6 Rb1 38. Rb6 Rxb4 39. e6 Re8 40. Rb7 Rd4 41. Rc2 Re4 42. Rcc7 R8xe6 43. Rg7+ Kf8 44. Rxh7 Re7 45. Rb8+ Re8 46. Rxb5 R4e7 47. Rb7 Rxh7 48. Rxh7 Re3 49. Ra7 Kg8 50. h4 Rb3 51. g5 Rc3 52. Ra4 Kg7 53. Rf4 Re3 54. Rf3 Re4 55. Kg3 Kg8 56. Rf4 Re1 57. Rd4 Rf1 58. Rd7 Kf8 59. Rd3 Kg7 60. Rf3 Rh1 61. Rf2 Kg8 62. Kf4 Rxh4+ 63. Ke5 Ra4 64. Rd2 Ra1 65. Ke4 1/2-1/2

[Event "57th Biel Festival MTO 2024"]
[White "Smirnov,Mark"]
[Black "Amartuvshin,Ganzorig"]
[Site "Biel"]
[Round "8.19"]
[Annotator "TA"]
[Result "0-1"]
[Date "2024.07.23"]
[WhiteElo "2203"]
[BlackElo "2411"]
[PlyCount "64"]

1. e4 c5 2. Nf3 e6 3. d4 cxd4 4. Nxd4 Nc6 5. Nc3 Qc7 6. Be3 a6 7. a3 b5 8. Nxc6 Qxc6 9. Be2 Bb7 10. O-O Bc5 11. Qd2 Ne7 12. Rfd1 Bxe3 13. Qxe3 O-O 14. Qg3 Rad8 15. Rd6 Qc7 16. Rad1 Nc8 17. R6d4 e5 18. R4d3 d6 19. Qg5 f5 20. exf5 Ne7 21. Bg4 d5 22. Rh3 Rf6 23. Rdd3 h6 24. Qd2 d4 25. f4 Nxf5 26. Bf3 Rff8 27. Ne4 Ne3 28. c3 Rxf4 29. cxd4 Nc4 30. Qe1 exd4 31. Qg3 Bxe4 32. Bxe4 Ne3 0-1

[Event "57th Biel Festival MTO 2024"]
[White "Jain Kashish Manoj"]
[Black "Kobo,Ori"]
[Site "Biel"]
[Round "8.20"]
[Annotator "RC"]
[Result "1/2-1/2"]
[Date "2024.07.23"]
[WhiteElo "2308"]
[BlackElo "2529"]
[PlyCount "81"]

1. e4 e5 2. Nf3 Nc6 3. Nc3 Nf6 4. d4 exd4 5. Nxd4 Bb4 6. Nxc6 bxc6 7. Bd3 O-O 8. O-O d5 9. Bd2 Rb8 10. Re1 Ng4 11. h3 Ne5 12. exd5 Nxd3 13. cxd3 cxd5 14. a3 Bd6 15. b4 Be6 16. Na4 Qf6 17. Rc1 Rbe8 18. Qh5 c6 19. Qg5 Qxg5 20. Bxg5 Bf5 21. d4 Rxe1+ 22. Rxe1 f6 23. Bd2 Kf7 24. Nc5 g5 25. Nb7 Bb8 26. Rc1 Rc8 27. Rxc6 Re8 28. Nd6+ Bxd6 29. Rxd6 Re2 30. Be3 Be4 31. Ra6 Kg6 32. Kh2 h6 33. b5 Bd3 34. a4 Ra2 35. Kg3 Kf5 36. h4 Bf1 37. hxg5 hxg5 38. Kf3 Be2+ 39. Kg3 Bf1 40. Kh3 Be2 41. Kg3 1/2-1/2

[Event "57th Biel Festival MTO 2024"]
[White "Cervantes Landeiro,Thalia"]
[Black "Holzke,Frank"]
[Site "Biel"]
[Round "8.21"]
[Annotator "RC"]
[Result "1/2-1/2"]
[Date "2024.07.23"]
[WhiteElo "2271"]
[BlackElo "2450"]
[PlyCount "96"]

1. d4 Nf6 2. c4 e6 3. Nf3 Bb4+ 4. Nbd2 O-O 5. a3 Be7 6. e4 d5 7. e5 Nfd7 8. Bd3 c5 9. O-O Nc6 10. Re1 dxc4 11. Bxc4 Nb6 12. dxc5 Nxc4 13. Nxc4 Qxd1 14. Rxd1 Bxc5 15. b4 Bb6 16. Be3 Bc7 17. b5 Ne7 18. Bc5 Re8 19. Bd6 Nd5 20. Bxc7 Nxc7 21. a4 Nd5 22. Ne3 Nxe3 23. fxe3 b6 24. Rac1 Bb7 25. Rd7 Bxf3 26. gxf3 Red8 27. Rxd8+ Rxd8 28. Rc7 Ra8 29. Rb7 g5 30. Kg2 Kg7 31. Kg3 Kg6 32. e4 h6 33. h4 gxh4+ 34. Kxh4 a6 35. Rxb6 axb5 36. axb5 Ra3 37. Kg3 h5 38. Rb8 h4+ 39. Kg4 h3 40. Rh8 Rb3 41. Rxh3 Rxb5 42. Kf4 Kg7 43. Rh1 Ra5 44. Rg1+ Kf8 45. Rg5 Rb5 46. Kg4 Ra5 47. Kf4 Rb5 48. Kg4 Ra5 1/2-1/2

[Event "57th Biel Festival MTO 2024"]
[White "Collin,Moritz Valentin"]
[Black "Razafindratsima,Timothe"]
[Site "Biel"]
[Round "8.22"]
[Annotator "TA"]
[Result "0-1"]
[Date "2024.07.23"]
[WhiteElo "2312"]
[BlackElo "2445"]
[PlyCount "46"]

1. d4 Nf6 2. c4 g6 3. h4 Bg7 4. Nc3 d6 5. e4 Nc6 6. Nge2 O-O 7. f3 e5 8. d5 Nd4 9. Be3 c5 10. dxc6 bxc6 11. Nxd4 exd4 12. Bxd4 d5 13. cxd5 cxd5 14. Nxd5 Bb7 15. Nxf6+ Bxf6 16. Bxf6 Qxf6 17. Qb3 Rfd8 18. h5 Qg5 19. Bd3 Ba6 20. Bxa6 Qxg2 21. hxg6 Qxh1+ 22. Kf2 Qh2+ 23. Kf1 hxg6 0-1

[Event "57th Biel Festival MTO 2024"]
[White "Kersten,Uwe"]
[Black "Juksta,Karolis"]
[Site "Biel"]
[Round "8.23"]
[Annotator "TA"]
[Result "0-1"]
[Date "2024.07.23"]
[WhiteElo "2189"]
[BlackElo "2400"]
[PlyCount "70"]

1. e4 e6 2. d4 d5 3. e5 c5 4. c3 Nc6 5. Nf3 Bd7 6. Be2 Nge7 7. Na3 cxd4 8. cxd4 Nf5 9. Nc2 Rc8 10. h4 Nb4 11. Nxb4 Bxb4+ 12. Bd2 Be7 13. Bd3 Qb6 14. Bxf5 exf5 15. O-O h6 16. Bc3 f4 17. Re1 Bg4 18. e6 Bxe6 19. Ne5 O-O 20. h5 Bb4 21. Qd2 Bxc3 22. bxc3 Qa5 23. Rac1 Rc7 24. Qxf4 Rxc3 25. Rxc3 Qxc3 26. Re3 Qa1+ 27. Kh2 Qxa2 28. Rg3 Qc2 29. Nd3 Kh8 30. Qe5 Rg8 31. f4 Qc8 32. Qd6 Qd8 33. Qa3 Qh4+ 34. Rh3 Bxh3 35. g3 Qxh5 0-1

[Event "57th Biel Festival MTO 2024"]
[White "Gemelli,Romain"]
[Black "Rosen,Eric"]
[Site "Biel"]
[Round "8.24"]
[Annotator "RC"]
[Result "0-1"]
[Date "2024.07.23"]
[WhiteElo "2101"]
[BlackElo "2361"]
[PlyCount "85"]

1. d4 d5 2. c4 e6 3. Nf3 Nf6 4. g3 Be7 5. Bg2 O-O 6. O-O dxc4 7. Qc2 a6 8. a4 h6 9. Rd1 Nc6 10. Qxc4 Qd5 11. Qxd5 exd5 12. Bf4 Ne8 13. Nc3 Nb4 14. Rac1 Bf5 15. Ne1 Rd8 16. f3 g5 17. Be3 Nd6 18. Bf2 Be6 19. Nd3 Nc4 20. b3 Na5 21. Nxb4 Bxb4 22. Na2 Bd6 23. Rc3 f5 24. Nc1 f4 25. Nd3 Rde8 26. Kf1 Re7 27. e3 fxe3 28. Bxe3 Bg4 29. Kf2 Ref7 30. Ne5 Bxe5 31. dxe5 Bxf3 32. Bxf3 Rxf3+ 33. Ke2 c6 34. Rdd3 b5 35. e6 R3f6 36. e7 Re8 37. Bb6 Rxe7+ 38. Re3 Rfe6 39. Rxe6 Rxe6+ 40. Kd3 b4 41. Rc2 Nxb3 42. Be3 Na5 43. Kd4 0-1

[Event "57th Biel Festival MTO 2024"]
[White "Munguntuul,Batkhuyag"]
[Black "Smeets,Kobe"]
[Site "Biel"]
[Round "8.25"]
[Annotator "TA"]
[Result "0-1"]
[Date "2024.07.23"]
[WhiteElo "2376"]
[BlackElo "2324"]
[PlyCount "98"]

1. e4 e5 2. Nf3 Nc6 3. Bb5 a6 4. Ba4 Nf6 5. d3 d6 6. c3 g6 7. d4 Bd7 8. Nbd2 Bg7 9. O-O O-O 10. Re1 b5 11. Bb3 exd4 12. cxd4 Nh5 13. e5 dxe5 14. dxe5 Re8 15. Ne4 Nxe5 16. Bg5 Qc8 17. Nxe5 Rxe5 18. h3 Bc6 19. Qg4 Qxg4 20. hxg4 Rxe4 21. Rxe4 Bxe4 22. gxh5 h6 23. Re1 Bf5 24. Bc1 c5 25. hxg6 Bxg6 26. Bd5 Rd8 27. Bc6 Rd6 28. Bb7 c4 29. a3 a5 30. Kh2 Kh7 31. f4 b4 32. axb4 axb4 33. g4 Bc2 34. Re7 Rd1 35. Be3 c3 36. b3 Re1 37. Bc5 Rxe7 38. Bxe7 Bxb3 39. Be4+ Kg8 40. Bxb4 Bd4 41. Kg3 c2 42. Bd2 Bb2 43. Bxc2 Bxc2 44. Kh4 Bd1 45. Kh5 Bf6 46. f5 Kh7 47. Be3 Bg5 48. Bd4 Kg8 49. Bg7 Bxg4+ 0-1

[Event "57th Biel Festival MTO 2024"]
[White "Altantuya,Boldbaatar"]
[Black "Padmini,Rout"]
[Site "Biel"]
[Round "8.26"]
[Annotator "RC"]
[Result "0-1"]
[Date "2024.07.23"]
[WhiteElo "2107"]
[BlackElo "2348"]
[PlyCount "108"]

1. d4 Nf6 2. c4 g6 3. Nc3 Bg7 4. Nf3 O-O 5. g3 c5 6. d5 e6 7. Bg2 exd5 8. cxd5 d6 9. O-O a6 10. a4 Re8 11. Nd2 Nbd7 12. h3 Nh5 13. Nce4 Ndf6 14. Nxf6+ Nxf6 15. e4 Bd7 16. Qc2 b5 17. axb5 axb5 18. Rxa8 Qxa8 19. b3 Nh5 20. Bb2 Qa2 21. Rb1 f5 22. Qc1 Bxb2 23. Qxb2 Qxb2 24. Rxb2 Ra8 25. Kh2 Nf6 26. f3 h5 27. Rc2 Kf7 28. Kg1 Ra3 29. Kf2 Ke7 30. Bf1 fxe4 31. fxe4 g5 32. Bg2 Ra1 33. Nf1 Be8 34. e5 dxe5 35. Rxc5 Ra2+ 36. Kg1 Rb2 37. Rc3 e4 38. Ne3 Bd7 39. Kh1 Kd6 40. Kg1 Ke5 41. Nf1 Nxd5 42. Rc1 Bf5 43. Re1 Rxb3 44. g4 hxg4 45. hxg4 Bg6 46. Bxe4 Bxe4 47. Rxe4+ Kxe4 48. Nd2+ Kd3 49. Nxb3 Kc3 50. Nc5 b4 51. Ne4+ Kc2 52. Nxg5 b3 53. Ne6 b2 54. Nd4+ Kd3 0-1

[Event "57th Biel Festival MTO 2024"]
[White "Kamber,Bruno"]
[Black "Thavandiran,Shiyam"]
[Site "Biel"]
[Round "8.27"]
[Annotator "TA"]
[Result "0-1"]
[Date "2024.07.23"]
[WhiteElo "2188"]
[BlackElo "2387"]
[PlyCount "84"]

1. e4 e6 2. Qe2 c5 3. Nf3 Nc6 4. g3 g6 5. Bg2 Bg7 6. O-O d6 7. a3 Nge7 8. d3 h6 9. Nbd2 O-O 10. c3 b6 11. Rd1 Ba6 12. Rb1 Re8 13. b4 Bb5 14. bxc5 Ba4 15. cxd6 Bxd1 16. Qxd1 Qxd6 17. Nc4 Qc7 18. e5 Nd5 19. Qe1 Red8 20. a4 Na5 21. Bf1 Qc6 22. Nd4 Qxa4 23. Nd6 Qd7 24. c4 Ne7 25. Bg2 Rab8 26. Bb2 Nc8 27. N4b5 a6 28. Nxc8 axb5 29. Nd6 bxc4 30. dxc4 Nc6 31. f4 Ne7 32. Bf3 Nf5 33. Rd1 Nxd6 34. Rxd6 Qa7 35. Qf2 Rxd6 36. exd6 Bxb2 37. Qxb2 b5+ 38. Kg2 bxc4 39. Qf6 Qd7 40. Be4 Qxd6 41. h4 h5 42. f5 Qd2+ 0-1

[Event "57th Biel Festival MTO 2024"]
[White "Boldoo,Erdenepurev"]
[Black "Mostertman,Milan"]
[Site "Biel"]
[Round "8.28"]
[Annotator "TA"]
[Result "1/2-1/2"]
[Date "2024.07.23"]
[WhiteElo "2385"]
[BlackElo "2231"]
[PlyCount "89"]

1. d4 d5 2. c4 c6 3. Nf3 Nf6 4. e3 e6 5. Nbd2 Be7 6. b3 O-O 7. Bd3 Nbd7 8. O-O b6 9. e4 dxe4 10. Nxe4 c5 11. Nxf6+ Nxf6 12. dxc5 Bxc5 13. Qe2 Bb7 14. Rd1 Qc7 15. h3 Rad8 16. Be3 Nh5 17. Bxc5 Qxc5 18. Qe3 Qxe3 19. fxe3 Nf6 20. Ne5 Ne4 21. Bxe4 Bxe4 22. Nd7 Rfe8 23. Rd4 f5 24. b4 Kf7 25. Rad1 Rc8 26. c5 bxc5 27. Nxc5 Bd5 28. e4 fxe4 29. Nxe4 Ke7 30. Nc5 a5 31. a3 axb4 32. axb4 Ra8 33. R1d2 Ra1+ 34. Kh2 Rb1 35. Nd3 Kf8 36. Nf4 Rb8 37. Nxd5 exd5 38. Rf4+ Ke7 39. Rxd5 R1xb4 40. Rf3 R4b6 41. Rg5 g6 42. Rc5 R8b7 43. Rc8 Rf6 44. Rh8 Rxf3 45. gxf3 1/2-1/2

[Event "57th Biel Festival MTO 2024"]
[White "Ohler,Julius"]
[Black "Sukandar,Irine Kharisma"]
[Site "Biel"]
[Round "8.29"]
[Annotator "RC"]
[Result "1-0"]
[Date "2024.07.23"]
[WhiteElo "2078"]
[BlackElo "2338"]
[PlyCount "69"]

1. c4 e6 2. Nf3 d5 3. g3 d4 4. Bg2 Nc6 5. O-O Nh6 6. e3 Nf5 7. e4 Nfe7 8. d3 Ng6 9. Na3 h5 10. h4 e5 11. Nc2 Bg4 12. Qe1 Qd7 13. b4 a5 14. b5 Nd8 15. Nh2 Bh3 16. Rb1 b6 17. f4 Bxg2 18. Kxg2 exf4 19. Bxf4 Ne6 20. Bc1 Ne5 21. Qe2 g6 22. Ne1 O-O-O 23. Nef3 Nxf3 24. Nxf3 Re8 25. Ne5 Qe7 26. Rxf7 Qd6 27. Nc6 Bg7 28. e5 Qc5 29. Rb3 a4 30. Ba3 axb3 31. Bxc5 bxc5 32. axb3 Rhf8 33. Rxf8 Nxf8 34. Qf3 Nd7 35. Qf7 1-0

[Event "57th Biel Festival MTO 2024"]
[White "Coles,Ruben"]
[Black "Haimovich,Tal"]
[Site "Biel"]
[Round "8.30"]
[Annotator "RC"]
[Result "0-1"]
[Date "2024.07.23"]
[WhiteElo "2141"]
[BlackElo "2330"]
[PlyCount "80"]

1. e4 Nc6 2. d4 d5 3. e5 Bf5 4. c3 e6 5. Nd2 f6 6. f4 Nge7 7. Ngf3 Ng6 8. Nb3 Be7 9. Bd3 Bxd3 10. Qxd3 O-O 11. O-O Qd7 12. Be3 Rf7 13. Rae1 Raf8 14. exf6 Rxf6 15. g3 Bd6 16. Ne5 Qe8 17. Nxc6 Qxc6 18. Nd2 Ne7 19. Nf3 Nf5 20. Bc1 Qe8 21. g4 Qg6 22. Ng5 h6 23. gxf5 Rxf5 24. Qe2 hxg5 25. fxg5 Rxf1+ 26. Rxf1 Rxf1+ 27. Kxf1 Qf5+ 28. Ke1 a6 29. Be3 Qe4 30. Bg1 Qb1+ 31. Kf2 Qf5+ 32. Ke1 Kf7 33. Be3 Qh3 34. Qf2+ Kg6 35. Bf4 Qf5 36. Bxd6 Qb1+ 37. Ke2 Qxb2+ 38. Kf3 Qxf2+ 39. Kxf2 cxd6 40. h4 Kf5 0-1

[Event "57th Biel Festival MTO 2024"]
[White "Emmenecker,Pierre-Antoine"]
[Black "Schnell,Simon"]
[Site "Biel"]
[Round "8.31"]
[Annotator "RC"]
[Result "1/2-1/2"]
[Date "2024.07.23"]
[WhiteElo "2306"]
[BlackElo "2139"]
[PlyCount "197"]

1. e4 c6 2. Nf3 d5 3. d3 g6 4. e5 Bg7 5. d4 f6 6. c4 Bg4 7. cxd5 fxe5 8. Qb3 Bxf3 9. gxf3 Qb6 10. Bh3 Qxb3 11. axb3 Nd7 12. dxc6 bxc6 13. dxe5 Nxe5 14. Ke2 Nf6 15. Rd1 Rf8 16. f4 Ned7 17. Nc3 Nb6 18. Bg2 Nfd5 19. Nxd5 Nxd5 20. Bxd5 cxd5 21. Rxd5 Rf5 22. Rxf5 gxf5 23. Ra5 Rb8 24. Rxf5 Rxb3 25. Ra5 Bxb2 26. Be3 Bf6 27. Rxa7 Rb1 28. Ra5 Kf7 29. Rh5 Kg6 30. Rh3 Rb5 31. Kf3 Ra5 32. Kg4 e6 33. Rg3 Rb5 34. Kf3+ Kf7 35. Rg1 Rh5 36. Kg2 Rb5 37. Rc1 Kg6 38. Rc6 Kf5 39. Kf3 Ra5 40. Rc7 h5 41. Rc8 Rb5 42. Kg2 Ra5 43. Bd2 Rd5 44. Bc1 Rb5 45. Ra8 Rd5 46. Be3 Rb5 47. Rf8 Kg6 48. Rg8+ Kf5 49. Bd4 Rb4 50. Bxf6 Kxf6 51. Rg5 Rxf4 52. Rxh5 Kg6 53. Re5 Kf6 54. Re3 Ra4 55. Rf3+ Kg5 56. Rg3+ Kf5 57. Rg8 Rb4 58. Rf8+ Kg5 59. Kg3 Rg4+ 60. Kf3 Ra4 61. Rg8+ Kf5 62. h3 Ra3+ 63. Kg2 Ra4 64. Rb8 Rc4 65. Kg3 Rc3+ 66. Kh4 Kg6 67. Rg8+ Kf6 68. Rf8+ Kg6 69. Kg4 Rc4+ 70. Rf4 Rc1 71. Rf3 Rc4+ 72. Kg3 Kg5 73. Ra3 Rb4 74. Ra5+ Kg6 75. h4 Rb3+ 76. Kg4 Rb4+ 77. Kg3 Rb3+ 78. f3 Rb1 79. Rg5+ Kf6 80. Rc5 Ra1 81. Rc2 Kf5 82. Rh2 Rg1+ 83. Rg2 Rh1 84. Rh2 Rg1+ 85. Kf2 Ra1 86. Rg2 Rh1 87. Rg4 Ra1 88. Kg2 Ra2+ 89. Kg3 Ra1 90. Kh2 Rf1 91. Rg5+ Kf4 92. Rg3 Rf2+ 93. Kh3 Ra2 94. h5 Ra1 95. Kh2 Ra2+ 96. Kh3 Ra1 97. Kh2 Ra2+ 98. Rg2 Ra5 99. h6 1/2-1/2

[Event "57th Biel Festival MTO 2024"]
[White "Woong,Zhi Wei William"]
[Black "Gloeckler,Christian"]
[Site "Biel"]
[Round "8.32"]
[Annotator "RC"]
[Result "1-0"]
[Date "2024.07.23"]
[WhiteElo "2139"]
[BlackElo "2304"]
[PlyCount "51"]

1. e4 c5 2. Nf3 Nc6 3. Bb5 e6 4. Bxc6 bxc6 5. d3 Qc7 6. e5 f6 7. Qe2 Ne7 8. h4 fxe5 9. Nxe5 d6 10. Nf3 e5 11. Nbd2 Nd5 12. Ne4 Be7 13. c4 Nf4 14. Bxf4 exf4 15. d4 cxd4 16. Nxd4 O-O 17. O-O-O Rb8 18. Qc2 Qb6 19. b3 Bg4 20. Ng5 Bxg5 21. hxg5 g6 22. Rxh7 Kxh7 23. Rh1+ Kg7 24. Qc3 Kf7 25. Rh7+ Kg8 26. Ne6 1-0

[Event "57th Biel Festival MTO 2024"]
[White "Nurgaliyeva,Zarina"]
[Black "Saravanan,V.."]
[Site "Biel"]
[Round "8.33"]
[Annotator "RC"]
[Result "0-1"]
[Date "2024.07.23"]
[WhiteElo "2145"]
[BlackElo "2266"]
[PlyCount "70"]

1. e4 e5 2. Nf3 Nc6 3. Bb5 Nge7 4. d4 exd4 5. Nxd4 g6 6. Nc3 Bg7 7. Be3 O-O 8. O-O a6 9. Be2 b6 10. Qd2 Bb7 11. Rad1 d6 12. f4 Qd7 13. Bf3 Rad8 14. Qf2 Qc8 15. Qh4 Rde8 16. Nde2 f5 17. g4 Nb4 18. Bd4 Nxc2 19. Bxg7 Kxg7 20. gxf5 Ne3 21. Qg5 Nxd1 22. Nd4 Kh8 23. Rxd1 gxf5 24. Kf2 Rf7 25. Qh5 Ref8 26. e5 Bxf3 27. Nxf3 Rg7 28. Ng5 Ng6 29. Nd5 dxe5 30. Nxh7 Rxh7 31. Qxg6 Qd8 32. fxe5 Rxh2+ 33. Ke3 Qh4 34. Nf6 Qf2+ 35. Kd3 Rd8+ 0-1

[Event "57th Biel Festival MTO 2024"]
[White "Arsenie,Cristian Marc"]
[Black "Peycheva,Gergana"]
[Site "Biel"]
[Round "8.34"]
[Annotator "RC"]
[Result "1/2-1/2"]
[Date "2024.07.23"]
[WhiteElo "2121"]
[BlackElo "2266"]
[PlyCount "167"]

1. e4 c6 2. Nc3 d5 3. Nf3 dxe4 4. Nxe4 Nf6 5. Qe2 Nxe4 6. Qxe4 Nd7 7. d4 Nf6 8. Qd3 g6 9. Be2 Bf5 10. Qb3 Qb6 11. c3 Nd5 12. O-O a5 13. c4 a4 14. Qxb6 Nxb6 15. Be3 Bg7 16. d5 Nc8 17. dxc6 bxc6 18. Bd4 O-O 19. Bxg7 Kxg7 20. Nd4 c5 21. Nxf5+ gxf5 22. Bf3 Rb8 23. Rfd1 Rxb2 24. Rd5 Nd6 25. Rxc5 Rfb8 26. g3 R8b4 27. Rc1 Rxa2 28. Rc7 Rab2 29. c5 Ne4 30. Bxe4 fxe4 31. c6 a3 32. Ra7 Rb1 33. Rxb1 Rxb1+ 34. Kg2 Rc1 35. Rxa3 Rxc6 36. g4 Rc4 37. Kg3 e6 38. h3 Kf6 39. Kf4 Rd4 40. Ra5 e5+ 41. Kg3 Rd3+ 42. Kg2 e3 43. f4 Rd2+ 44. Kg3 exf4+ 45. Kxf4 Rh2 46. Kxe3 Rxh3+ 47. Kf4 Rb3 48. Ra6+ Kg7 49. g5 Rb1 50. Rc6 Rf1+ 51. Kg4 Re1 52. Kf5 Re6 53. Rc8 Ra6 54. Rb8 Rg6 55. Ra8 h6 56. gxh6+ Rxh6 57. Ra7 Rh5+ 58. Kg4 Rb5 59. Kf4 Kg6 60. Ra6+ f6 61. Ra4 Rf5+ 62. Kg4 Rg5+ 63. Kf4 Rh5 64. Ra6 Rh4+ 65. Kg3 Rb4 66. Ra5 Rb1 67. Rc5 Rg1+ 68. Kf3 Ra1 69. Rb5 Ra4 70. Rc5 Ra3+ 71. Kg4 Ra1 72. Kf3 Rf1+ 73. Kg3 f5 74. Rc8 Ra1 75. Rb8 Ra4 76. Kf3 Kf6 77. Rc8 Ra1 78. Rb8 Rf1+ 79. Kg3 Ke6 80. Re8+ Kd5 81. Rd8+ Ke6 82. Re8+ Kf7 83. Ra8 Kf6 84. Rf8+ 1/2-1/2

[Event "57th Biel Festival MTO 2024"]
[White "Erne,Raphael"]
[Black "Munkhzul,Turmunkh"]
[Site "Biel"]
[Round "8.35"]
[Annotator "RC"]
[Result "0-1"]
[Date "2024.07.23"]
[WhiteElo "2102"]
[BlackElo "2232"]
[PlyCount "80"]

1. c4 Nf6 2. g3 g6 3. Bg2 Bg7 4. Nc3 O-O 5. Nf3 d6 6. O-O e5 7. d3 Nc6 8. Rb1 a5 9. a3 Re8 10. b4 e4 11. Nxe4 Nxe4 12. dxe4 axb4 13. axb4 Rxe4 14. b5 Na5 15. Nd2 Re8 16. Bb2 Bg4 17. Re1 Qe7 18. Bxg7 Kxg7 19. Nb3 Bf5 20. Ra1 Nxb3 21. Rxa8 Rxa8 22. Qxb3 Be4 23. Qc3+ Kg8 24. Qe3 Re8 25. b6 cxb6 26. Qxe4 Qxe4 27. Bxe4 Rxe4 28. Rd1 Rxe2 29. Rxd6 Re6 30. Rd7 b5 31. cxb5 Rb6 32. Rd5 Kf8 33. f4 Ke7 34. f5 Rd6 35. Rc5 b6 36. Rc7+ Kf6 37. fxg6 hxg6 38. Rc6 Rxc6 39. bxc6 Ke6 40. g4 g5 0-1

[Event "57th Biel Festival MTO 2024"]
[White "Kwiatkowski,Jakub"]
[Black "Song,Ethan"]
[Site "Biel"]
[Round "8.36"]
[Annotator "RC"]
[Result "0-1"]
[Date "2024.07.23"]
[WhiteElo "2024"]
[BlackElo "2244"]
[PlyCount "81"]

1. e4 e5 2. Nf3 Nc6 3. Bc4 Bc5 4. c3 Nf6 5. d4 exd4 6. e5 d5 7. Bb5 Ne4 8. cxd4 Bb6 9. Nc3 O-O 10. Be3 Bg4 11. h3 Bh5 12. Qc2 Bg6 13. Qb3 Ne7 14. O-O c6 15. Bd3 Nd2 16. Nxd2 Bxd3 17. Rfe1 Bg6 18. Na4 Nf5 19. Nf3 Ba5 20. Re2 Rb8 21. Rd1 Nh4 22. Nxh4 Qxh4 23. Bd2 Bc7 24. Nc5 Rfe8 25. Qe3 f6 26. Qf4 Qh5 27. Rde1 Re7 28. Qg4 fxe5 29. Qxh5 Bxh5 30. g4 Bg6 31. Bg5 Ree8 32. dxe5 Ba5 33. Rd1 Bb4 34. Be3 d4 35. Bxd4 Rbd8 36. Nb3 c5 37. a3 Bf7 38. e6 Rxe6 39. Nc1 Re4 40. Re3 Rxe3 41. Ne2 0-1